La comunidad íctica de bahía Anegada : estructura, composición, dinámica estacional y aspectos biológicos /

Guardado en:
Otros Autores: Molina, Juan Manuel. (Disertante), Lopez Cazorla, Andrea. (Orientador)
Formato: Manuscrito
Idioma:Spanish
Publicado: 2012.
Materias:
Acceso en línea:Texto completo
Etiquetas: Agregar Etiqueta
Sin Etiquetas, Sea el primero en etiquetar este registro!
LEADER 01331ntm a22002895a 4500
001 EUN.eunm004762
008 130822s2012####ag#######bm###000#0#spa#d
005 20200707101056.0
245 1 3 |a La comunidad íctica de bahía Anegada :  |b estructura, composición, dinámica estacional y aspectos biológicos /  |c Juan Manuel Molina ; director: Andrea Lopez Cazorla. 
260 |c 2012. 
300 |a [16], 234 p. :  |b il. col. ;  |c 30 cm. 
500 |a "Tesis Doctoral en Biología". 
502 |a Tesis (doctoral)--Universidad Nacional del Sur. Departamento de Biología, Bioquímica y Farmacia, 2013. 
504 |a Incluye referencias bibliográficas. 
530 |a Disponible también en formato digital 
100 1 |a Molina, Juan Manuel.  |4 dis 
700 1 |a Lopez Cazorla, Andrea.  |4 ths 
710 2 |a Universidad Nacional del Sur.  |b Departamento de Biología, Bioquímica y Farmacia  |4 dgg. 
082 0 4 |a 040  |2 15 
082 0 4 |a 597  |2 15 
650 7 |a Zoología.  |2 unbist 
650 7 |a Peces.  |2 unbist 
650 7 |a Ecología animal.  |2 unbist 
653 |a Buenos Aires (Argentina : Provincia) 
856 4 1 |3 Texto completo  |u http://repositoriodigital.uns.edu.ar/handle/123456789/2734 
859 |a AR-BaUNS  |b BIB. CENTRAL - Tesis  |h 040  |i B148 2013-1238  |k R  |p 123880/013 
859 |a AR-BaUNS  |b BIB. CENTRAL - Sector A - Tesis  |h 040  |i B148 2013-1238  |p 123881/013